000 00985nam a2200301 a 4500
001 24334
003 CO-ViMGA
008 141112s2004 ck r 000 u spa d
020 _a9789583801709
040 _aCO-ViMGA
_bspa
_cCO-ViMGA
041 _aSPA
090 _aA ROS1
100 1 _aRoss, Tony, 1938 -
_935594
245 1 0 _aEl trapito feliz /
_cTony Ross ; traducido por Catalina Domínguez
250 _aEdición especial
260 _aMéxico :
_bFondo de Cultura Económica,
_c2011
300 _a28 p. : il. col. : il.
490 _aLos especiales de A la orilla del viento
650 1 4 _aILUSTRADORES INGLESES
_935595
650 1 4 _aJUEGOS INFANTILES - LIBROS DE IMAGENES
_935596
650 1 4 _aLEER ES MI CUENTO - COLECCION 2011
_935597
650 1 4 _aLIBROS DE IMAGENES
_929438
650 1 4 _aLITERATURA
_92198
650 1 4 _aLITERATURA INFANTIL INGLESA
_935598
700 1 _aDomínguez, Catalina
_935599
700 1 _aRoss, Tony, 1938 -
_935594
942 _2ddc
_cBK
999 _c2231
_d2231